Ateneo de Cádiz (Record no. 68369)

MARC details
000 -LEADER
campo de control de longitud fija 00943nam a2200217 i 4500
001 - NÚMERO DE CONTROL
campo de control 68369
003 - IDENTIFICADOR DE NÚMERO DE CONTROL
campo de control ES-MaACL
005 - FECHA Y HORA DE LA ÚLTIMA TRANSACCIÓN
campo de control 20250827063211.0
007 - CAMPO FIJO DE DESCRIPCIÓN FÍSICA--INFORMACIÓN GENERAL
campo de control de longitud fija t|
008 - DATOS DE LONGITUD FIJA--INFORMACIÓN GENERAL
campo de control de longitud fija 960801s1894 sp |||| | spa d
100 1# - ENTRADA PRINCIPAL--NOMBRE DE PERSONA
Nombre de persona García de Castro, Clemente
9 (RLIN) 54411
245 10 - MENCIÓN DEL TÍTULO
Título Ateneo de Cádiz
Resto del título : sesión inaugural del curso de 1894 a 1895 : discursos leídos en el acto solemne de la misma, verificado el día 29 de octubre de 1894 /
Mención de responsabilidad, etc. por Clemente García de Castro y Cayetano del Toro y Quartiellers.
260 ## - PUBLICACIÓN, DISTRIBUCIÓN, ETC.
Lugar de publicación, distribución, etc. Cádiz :
Nombre del editor, distribuidor, etc. [s.n.,
Fecha de publicación, distribución, etc. 1894] (
Fabricante Tip. Gaditana)
300 ## - DESCRIPCIÓN FÍSICA
Extensión X, 40 p. ;
Dimensiones 21 cm.
500 ## - NOTA GENERAL
Nota general Tema del discurso de Cayetano del Toro y Quartiellers: Del hipnotismo, sus fenómenos y sus leyes.
650 04 - PUNTO DE ACCESO ADICIONAL DE MATERIA--TÉRMINO DE MATERIA
Término de materia o nombre geográfico como elemento de entrada Hipnosis.
9 (RLIN) 13363
700 1# - ENTRADA AGREGADA--NOMBRE PERSONAL
Nombre de persona Toro y Quartiellers, Cayetano de.
9 (RLIN) 110693
710 2# - ENTRADA AGREGADA--NOMBRE DE ENTIDAD CORPORATIVA
Nombre de entidad corporativa o nombre de jurisdicción como elemento de entrada Ateneo Literario, Artístico y Científico de Cádiz.
9 (RLIN) 148715
852 ## - LOCALIZACIÓN
Ubicación ES-MaACL
Número de control de estantería T-871-F-5
Holdings
Estatus retirado Estado de pérdida Estado de daño No para préstamo Colección Biblioteca de origen Biblioteca actual Ubicación en estantería Fecha de adquisición Fuente de adquisición Total de préstamos Signatura topográfica completa Código de barras Visto por última vez Precio de reemplazo Tipo de ítem Koha
        Colección de folletos Biblioteca del Ateneo de Madrid Biblioteca del Ateneo de Madrid Depósito folletos 17/01/2008     T-871-F-5 1071570 23/02/2023 23/02/2023 Folleto